| 000 | 00399cam a2200157ua 4500 | ||
|---|---|---|---|
| 041 |
_aeng _h |
||
| 082 |
_a821 _bHOB/PL |
||
| 100 | _aHobsbaum, Philip . | ||
| 245 |
_aPlace`s fault and other poems / _cPhilip Hobsbaum. _hTextual Documents |
||
| 260 |
_aLondon : _bMacMillan and Company Limited , _c1964. |
||
| 300 | _a53 ; . | ||
| 504 | _a | ||
| 650 | _aPoetry | ||
| 942 | _cBK | ||
| 999 |
_c513 _d513 |
||